| 000 | 00793nam a22002417a 4500 | ||
|---|---|---|---|
| 999 |
_c18472 _d18472 |
||
| 003 | AR-CdUCM | ||
| 008 | 190514b ||||| |||| 00| 0 spa d | ||
| 040 |
_aMUNICIPALIDAD PROVINCIAL DEL CUSCO _cBIBLIOTECA MUNICIPAL DEL CUSCO |
||
| 041 | _heng | ||
| 082 |
_a335.4 / _bW22 |
||
| 100 |
_aWalsh, S. J., Edmund _939081 |
||
| 245 |
_aImperio total : _braíces y progresos del comunismo mundial / |
||
| 260 |
_aBuenos Aires : _bBell, _c1951. |
||
| 300 |
_a301 páginas ; _c20 cm. |
||
| 505 | _aContenido: Las semillas de la contradicción -- Años malogrados. | ||
| 650 |
_aRusia _9499 |
||
| 650 |
_aConducta _95062 |
||
| 650 |
_aEl materialismo _939082 |
||
| 650 |
_aDoctrinas _919990 |
||
| 700 |
_aMarino, Mario A. (traducción) _939083 |
||
| 942 |
_2ddc _cLIBROS |
||
| 945 |
_aachl _d2019-05-14 |
||